ACRP Report 3 Analysis of Aircraft Overruns and Undershoots for Runway Safety Areas / (Record no. 2211)
[ view plain ]
| 000 -LEADER | |
|---|---|
| fixed length control field | 00393 a2200121 4500 |
| 020 ## - INTERNATIONAL STANDARD BOOK NUMBER | |
| International Standard Book Number | 9780309099394 |
| 022 ## - INTERNATIONAL STANDARD SERIAL NUMBER | |
| International Standard Serial Number | 19359802 |
| 082 ## - DEWEY DECIMAL CLASSIFICATION NUMBER | |
| Classification number | 363.125 HAL |
| 100 ## - MAIN ENTRY--PERSONAL NAME | |
| Personal name | Hall, Jim |
| 245 ## - TITLE STATEMENT | |
| Title | ACRP Report 3 Analysis of Aircraft Overruns and Undershoots for Runway Safety Areas / |
| Statement of responsibility, etc. | Jim Hall....[et al] |
| 260 ## - PUBLICATION, DISTRIBUTION, ETC. | |
| Place of publication, distribution, etc. | Washington : |
| Name of publisher, distributor, etc. | Transportation Research Board, |
| Date of publication, distribution, etc. | 2008 |
| 300 ## - PHYSICAL DESCRIPTION | |
| Extent | 50p. : |
| Other physical details | ill. ; |
| Dimensions | 30 cm |
| 650 ## - SUBJECT ADDED ENTRY--TOPICAL TERM | |
| Topical term or geographic name entry element | Runway Safety |
| Withdrawn status | Lost status | Damaged status | Not for loan | Permanent Location | Current Location | Shelving location | Date acquired | Total Checkouts | Full call number | Barcode | Date last seen | Price effective from | Koha item type |
|---|---|---|---|---|---|---|---|---|---|---|---|---|---|
| School of Civil and Environmental Engineering (SCEE) | School of Civil and Environmental Engineering (SCEE) | 363.125 HAL | NIT-4384 | 01/05/2017 | 01/05/2017 | Book |
